Atlas general del Distrito Federal (Record no. 1727)

MARC details
000 -CABECERA
campo de control de longitud fija 00932nam a2200217 a 4500
001 - NÚMERO DE CONTROL
campo de control BRCA_1957
008 - DATOS DE LONGITUD FIJA--INFORMACIÓN GENERAL
campo de control de longitud fija 810403s1992 mx-a---###---#000-0#spa-#
040 ## - FUENTE DE LA CATALOGACIÓN
Centro catalogador/agencia de origen DLC
Centro/agencia transcriptor CarP
Centro/agencia modificador DLC
050 #4 - SIGNATURA TOPOGRÁFICA DE LA BIBLIOTECA DEL CONGRESO
Número de clasificación F1386
Número de documento/Ítem .P85 1992
100 1# - ENTRADA PRINCIPAL--NOMBRE DE PERSONA
Nombre de persona Puig Casauranc, José M.
9 (RLIN) 6010
245 10 - MENCIÓN DE TÍTULO
Título Atlas general del Distrito Federal
Mención de responsabilidad, etc. obra formada en 1929 por orden del jefe de Departamento Central José Manuel Puig Casauranc.
260 ## - PUBLICACIÓN, DISTRIBUCIÓN, ETC.
Lugar de publicación, distribución, etc. México
Nombre del editor, distribuidor, etc. CONDUMEX
Fecha de publicación, distribución, etc. 1992
300 ## - DESCRIPCIÓN FÍSICA
Extensión 2 v.
Otras características físicas il. (algunas a color)
Dimensiones 35 cm.
500 ## - NOTA GENERAL
Nota general Este libro incluye los dos volúmenes
500 ## - NOTA GENERAL
Nota general Facsímil de : México, 1930
500 ## - NOTA GENERAL
Nota general Reimpresión de la edición de GRUPO CONDUMEX, México, 1991
505 0# - NOTA DE CONTENIDO CON FORMATO
Nota de contenido con formato Contenido : v.1-2. Geográfico, histórico, comercial, estadístico, agrario. Su descripción más completa, profusamente ilustrada con mapas, fotografías y gráficas
651 #4 - PUNTO DE ACCESO ADICIONAL DE MATERIA--NOMBRE GEOGRÁFICO
Nombre geográfico México (Ciudad)
Subdivisión de forma Atlas
Subdivisión general Mapas
9 (RLIN) 6011
902 ## - CATALOGADOR
Iniciales REF
942 ## - ELEMENTOS DE PUNTO DE ACCESO ADICIONAL (KOHA)
Fuente del sistema de clasificación o colocación Library of Congress Classification
Tipo de ítem Koha Libros
Holdings
Estado de retiro Estado de pérdida Estado dañado No para préstamo Localización permanente Ubicación/localización actual Fecha de adquisición Total de préstamos Signatura topográfica completa Código de barras Fecha visto por última vez Precio válido a partir de Tipo de ítem Koha
El ejemplar forma parte de la colección y puede ser consultado según las políticas vigentes.       Biblioteca del Museo Franz Mayer (Rogerio Casas-Alatriste) Biblioteca del Museo Franz Mayer (Rogerio Casas-Alatriste) 30/07/2008   F1386 .P85 1992 REF00099 22/03/2019 22/03/2019 Libros